<?xml version="1.0" encoding="UTF-8"?><?xml-stylesheet type="text/xsl" href="static/style.xsl"?><OAI-PMH xmlns="http://www.openarchives.org/OAI/2.0/" xmlns:xsi="http://www.w3.org/2001/XMLSchema-instance" xsi:schemaLocation="http://www.openarchives.org/OAI/2.0/ http://www.openarchives.org/OAI/2.0/OAI-PMH.xsd"><responseDate>2026-04-14T21:04:33Z</responseDate><request verb="GetRecord" identifier="oai:uvadoc.uva.es:10324/62014" metadataPrefix="marc">https://uvadoc.uva.es/oai/request</request><GetRecord><record><header><identifier>oai:uvadoc.uva.es:10324/62014</identifier><datestamp>2023-10-17T19:05:58Z</datestamp><setSpec>com_10324_38</setSpec><setSpec>col_10324_852</setSpec></header><metadata><record xmlns="http://www.loc.gov/MARC21/slim" xmlns:doc="http://www.lyncode.com/xoai" xmlns:xsi="http://www.w3.org/2001/XMLSchema-instance" xmlns:dcterms="http://purl.org/dc/terms/" xsi:schemaLocation="http://www.loc.gov/MARC21/slim http://www.loc.gov/standards/marcxml/schema/MARC21slim.xsd">
<leader>00925njm 22002777a 4500</leader>
<datafield tag="042" ind1=" " ind2=" ">
<subfield code="a">dc</subfield>
</datafield>
<datafield tag="720" ind1=" " ind2=" ">
<subfield code="a">Cítores Arranz, Sara</subfield>
<subfield code="e">author</subfield>
</datafield>
<datafield tag="260" ind1=" " ind2=" ">
<subfield code="c">2023</subfield>
</datafield>
<datafield tag="520" ind1=" " ind2=" ">
<subfield code="a">En el desarrollo de este TFG, se ha realizado una propuesta didáctica donde se han trabajado valores de paz por medio de los cuentos infantiles. Esta&#xd;
propuesta está destinada al alumnado de educación infantil, más concretamente en el aula de 5 años. A través de una serie de situaciones de aprendizaje&#xd;
se ha tratado de inculcar tales valores como la amabilidad, la generosidad, la igualdad, el respeto por las diferencias, la cooperación y la ayuda mutua,&#xd;
etc. Además, esta propuesta se fundamenta en conceptos básicos como la paz, la cultura de paz, la educación en valores, la educación para la paz y la&#xd;
literatura infantil.</subfield>
</datafield>
<datafield tag="024" ind2=" " ind1="8">
<subfield code="a">https://uvadoc.uva.es/handle/10324/62014</subfield>
</datafield>
<datafield tag="245" ind1="0" ind2="0">
<subfield code="a">Propuesta didáctica sobre la educación para la paz a través de los cuentos para Educación Infantil</subfield>
</datafield>
</record></metadata></record></GetRecord></OAI-PMH>